000 00632nam a2200217Ia 4500
005 20250326144354.0
008 250326s9999 xx 000 0 und d
020 _a1-4129-2952-0
037 _aTextbook
040 _aFMSL
_beng
_cFMSL
041 _aeng
_2eng
084 _aX8(A):74 P6
_qFMSL
100 _aHollins B
_9748851
245 0 _aManaging service operations : Design and implementation
_cHollins B; Shinkins S
260 _aLondon
_bLondon, Sage publication
_c2006
300 _a299p
365 _b1917.2823000000001
650 _aManagement
942 _cTB
_hX8(A):74 P6
999 _c1303466
_d1303466